000 00354nam a2200145Ia 4500
008 230917s9999||||xx |||||||||||||| ||und||
040 _e66892
_aMAIN
041 _aEnglish
082 _a589.3 L515P
100 _aLee, Robert Edward
245 0 _aPhycology
260 _aCambridge
_bCambridge University Press
_c1980
300 _ax, 478 p.
942 _cBK
999 _c43276
_d43276